[Event "1CHC_F"]
[Site "?"]
[Date "2007.??.??"]
[Round "?"]
[White "Portych, Vaclav"]
[Black "Kuchta, Jiri"]
[Result "1/2-1/2"]
[WhiteElo "2148"]
[BlackElo "2244"]
[PlyCount "65"]
[EventDate "2007.??.??"]
[EventType "corr"]
[SourceDate "2007.01.09"]

1. c4 Nf6 2. Nc3 e5 3. Nf3 Nc6 4. g3 d5 5. cxd5 Nxd5 6. Bg2 Nxc3 7. bxc3 Be7 8.
O-O O-O 9. Rb1 Rb8 10. Qc2 Be6 11. Rd1 Qd7 12. d4 exd4 13. Nxd4 Nxd4 14. cxd4
c6 15. Bf4 Rbd8 16. Qa4 a6 17. Qa5 Qc8 18. e4 Rd7 19. d5 Qd8 20. Qxd8 Rfxd8 21.
Re1 cxd5 22. exd5 Bf5 23. Rbc1 Bb4 24. Re5 Bg6 25. Re2 h6 26. h4 b5 27. Rc6 Bd3
28. Rb2 a5 29. a3 Bf8 30. d6 b4 31. axb4 axb4 32. Rd2 Bf5 33. h5 1/2-1/2

[Event "1CHC_F"]
[Site "?"]
[Date "2007.??.??"]
[Round "?"]
[White "Splichal, Josef"]
[Black "Bednarik, Radovan"]
[Result "0-1"]
[WhiteElo "2168"]
[BlackElo "2126"]
[PlyCount "74"]
[EventDate "2007.??.??"]
[EventType "corr"]
[SourceDate "2007.01.09"]

1. e4 c5 2. Nc3 d6 3. Bc4 a6 4. Nf3 Nf6 5. d4 cxd4 6. Nxd4 Qc7 7. Be2 e6 8. O-O
Nbd7 9. a4 b6 10. Bg5 Bb7 11. Bh5 Qc4 12. Be2 Qc7 13. Bh5 g6 14. Bf3 h6 15. Be3
Ne5 16. a5 b5 17. Be2 Be7 18. f3 d5 19. exd5 Nxd5 20. Nxd5 Bxd5 21. Bf4 g5 22.
Bg3 h5 23. Re1 f6 24. Bf2 O-O-O 25. Qc1 Bc5 26. c3 g4 27. f4 g3 28. hxg3 h4 29.
fxe5 hxg3 30. Bxg3 Rdg8 31. Qe3 fxe5 32. b4 Qh7 33. Qxe5 Qh1+ 34. Kf2 Qxg2+ 35.
Ke3 Rxg3+ 36. Kd2 Qh2 37. Kd1 Rd8 0-1

[Event "1CHC_F"]
[Site "?"]
[Date "2007.??.??"]
[Round "?"]
[White "Svrsek, Radomir"]
[Black "Kohler, Josef"]
[Result "1-0"]
[WhiteElo "2159"]
[BlackElo "2176"]
[PlyCount "105"]
[EventDate "2007.??.??"]
[EventType "corr"]
[SourceDate "2007.01.09"]

1. Nf3 Nf6 2. d4 g6 3. c4 Bg7 4. Nc3 d5 5. cxd5 Nxd5 6. e4 Nxc3 7. bxc3 O-O 8.
Be2 c5 9. O-O b6 10. Bg5 cxd4 11. cxd4 Bb7 12. Qd3 h6 13. Bf4 g5 14. Be3 Nc6
15. Rfd1 e6 16. Rac1 Qe7 17. Qb1 g4 18. Ne1 Rad8 19. e5 f5 20. Bb5 Qb4 21. Rxc6
Qxb1 22. Rxb1 Bxc6 23. Bxc6 f4 24. Bc1 Rxd4 25. Bb2 Rd2 26. Ba4 Rfd8 27. Bc3
Rxa2 28. Bb3 Ra3 29. Bxe6+ Kh8 30. Rc1 h5 31. Kf1 Rxc3 32. Rxc3 Bxe5 33. Rd3
Rxd3 34. Nxd3 Bd6 35. Bc4 Kg7 36. h4 gxh3 37. gxh3 Kf6 38. Kg2 a5 39. Bb5 Ke6
40. Kf3 Kd5 41. Nxf4+ Kc5 42. Be8 h4 43. Ng6 Kb4 44. Nxh4 a4 45. Ng6 Bc5 46. h4
Bd4 47. Ke4 Bg7 48. Nf4 b5 49. Kd3 Kb3 50. Bxb5 a3 51. Bc4+ Kb2 52. Ne6 Bf6 53.
h5 1-0

[Event "1CHC_F"]
[Site "?"]
[Date "2007.??.??"]
[Round "?"]
[White "Strnad, Jiri"]
[Black "Paulik, Vaclav"]
[Result "1-0"]
[WhiteElo "2258"]
[BlackElo "2160"]
[PlyCount "119"]
[EventDate "2007.??.??"]
[EventType "corr"]
[SourceDate "2007.01.09"]

1. e4 c5 2. Nf3 Nc6 3. d4 cxd4 4. Nxd4 Nf6 5. Nc3 e5 6. Ndb5 d6 7. Bg5 a6 8.
Na3 b5 9. Bxf6 gxf6 10. Nd5 f5 11. Bd3 Be6 12. O-O Bxd5 13. exd5 Ne7 14. Nxb5
Bg7 15. Nc3 e4 16. Bc4 Qc7 17. Qe2 O-O 18. Na4 Ng6 19. Bb3 Rfe8 20. f4 exf3 21.
Qxf3 f4 22. Rae1 Qa7+ 23. Kh1 Re3 24. Rxe3 Qxe3 25. c3 Re8 26. Bc4 Qxf3 27.
gxf3 a5 28. Bd3 Re3 29. Bb5 Bf6 30. Nb6 Bd8 31. Nc4 Rd3 32. a4 Rxd5 33. Ba6 f5
34. Bc8 Kf7 35. Re1 Ne5 36. Bb7 Rd3 37. Nxe5+ dxe5 38. Rxe5 Kf6 39. Rxf5+ Kxf5
40. Be4+ Kg5 41. Bxd3 h6 42. Kg2 Be7 43. Kf2 Kf6 44. Ke2 Ke5 45. Bg6 Kd5 46.
Kd3 Kc5 47. Ke4 Bg5 48. Bf7 Kb6 49. Kf5 Kc5 50. Be6 Kb6 51. h3 Kc5 52. Bf7 Kb6
53. b4 Be7 54. bxa5+ Kxa5 55. Be8 Bg5 56. c4 Ka6 57. c5 Ka7 58. Ke6 Bd8 59. Kd7
Ba5 60. Kc8 1-0

[Event "1CHC_F"]
[Site "?"]
[Date "2007.??.??"]
[Round "?"]
[White "Bednarik, Radovan"]
[Black "Strnad, Jiri"]
[Result "0-1"]
[WhiteElo "2126"]
[BlackElo "2258"]
[PlyCount "76"]
[EventDate "2007.??.??"]
[EventType "corr"]
[SourceDate "2007.01.09"]

1. d4 Nf6 2. c4 e6 3. g3 d5 4. Bg2 Bb4+ 5. Nd2 O-O 6. Ngf3 dxc4 7. Qc2 Nc6 8.
Qxc4 Qd5 9. O-O Be7 10. b3 Rd8 11. Bb2 Qh5 12. Rfd1 Nd5 13. a3 Nb6 14. Qc2 e5
15. Nxe5 Nxe5 16. dxe5 Qxe2 17. Be4 c6 18. Bxh7+ Kf8 19. Nf1 Bg4 20. Re1 Qxc2
21. Bxc2 a5 22. Ne3 Be6 23. Red1 a4 24. b4 c5 25. bxc5 Bxc5 26. Be4 Bxe3 27.
fxe3 Rxd1+ 28. Rxd1 Nc4 29. Bd4 Rb8 30. Kg2 b5 31. Rd3 Kg8 32. h4 g6 33. Bc6 b4
34. axb4 a3 35. b5 a2 36. e4 Rd8 37. Bd5 Bxd5 38. exd5 Rxd5 0-1

[Event "1CHC_F"]
[Site "?"]
[Date "2007.??.??"]
[Round "?"]
[White "Kuchta, Jiri"]
[Black "Svrsek, Radomir"]
[Result "1-0"]
[WhiteElo "2244"]
[BlackElo "2159"]
[PlyCount "123"]
[EventDate "2007.??.??"]
[EventType "corr"]
[SourceDate "2007.01.09"]

1. d4 Nf6 2. Nf3 e6 3. Bg5 d5 4. Nbd2 c5 5. e4 cxd4 6. Nxd4 Be7 7. e5 Nfd7 8.
Bxe7 Qxe7 9. Qh5 Nc6 10. Nxc6 bxc6 11. c3 Rb8 12. Rb1 O-O 13. f4 g6 14. Qg4 f6
15. Nf3 Qc5 16. Be2 Qe3 17. Qxe6+ Rf7 18. Qxc6 Ba6 19. Qxa6 Nc5 20. Qa3 Nd3+
21. Kd1 Nf2+ 22. Ke1 Nxh1 23. Qd6 Rc8 24. Qxd5 Qxf4 25. Kf1 Qe3 26. Qd4 Qxd4
27. cxd4 fxe5 28. dxe5 Rfc7 29. Re1 Rc1 30. Bd1 Kf8 31. Ke2 Rb1 32. Rxh1 Rxb2+
33. Ke3 Rc1 34. Rf1 Ke7 35. Ng5 Rxg2 36. h4 Rxa2 37. Rf7+ Kd8 38. Bb3 Ra3 39.
Ne6+ Kc8 40. Kd2 Rb1 41. Rf8+ Kd7 42. Nc5+ Kc7 43. e6 Rb2+ 44. Kc3 Re2 45. Kd4
Rxb3 46. Rf7+ Kc6 47. Nxb3 Rxe6 48. Rxa7 Re1 49. Rxh7 Kd6 50. Nd2 Ke6 51. Nc4
Kf6 52. Ne3 Rb1 53. Ke4 Rb4+ 54. Kf3 Rb3 55. Rc7 Ra3 56. Kf4 Ra4+ 57. Rc4 Ra7
58. Ng4+ Kg7 59. Rc5 Kh7 60. Kg5 Rf7 61. Nf6+ Kg7 62. Rc7 1-0

[Event "1CHC_F"]
[Site "?"]
[Date "2007.??.??"]
[Round "?"]
[White "Dedina, Miroslav"]
[Black "Strnad, Jiri"]
[Result "1-0"]
[WhiteElo "2165"]
[BlackElo "2258"]
[PlyCount "79"]
[EventDate "2007.??.??"]
[EventType "corr"]
[SourceDate "2007.01.09"]

1. e4 e6 2. d4 d5 3. Nc3 Bb4 4. e5 c5 5. Bd2 Ne7 6. a3 Bxc3 7. Bxc3 b6 8. Bb5+
Bd7 9. Bd3 Nbc6 10. f4 cxd4 11. Bd2 Nf5 12. Nf3 O-O 13. O-O f6 14. Qe2 fxe5 15.
fxe5 h6 16. b4 Qc7 17. b5 Na5 18. g4 Ne3 19. Bxe3 dxe3 20. g5 h5 21. Nh4 Be8
22. Rxf8+ Kxf8 23. Rf1+ Ke7 24. Qxe3 Nc4 25. Qf4 Nxe5 26. Re1 Qc5+ 27. Kh1 Nxd3
28. cxd3 Kd8 29. a4 Rc8 30. Qe5 Rc7 31. Nf5 Qf8 32. Nd4 Bd7 33. Kg1 Qe7 34. g6
h4 35. Rf1 Kc8 36. Rf7 Qa3 37. Rxg7 Qc1+ 38. Kg2 h3+ 39. Kxh3 Kb7 40. Nc6 1-0

[Event "1CHC_F"]
[Site "?"]
[Date "2007.??.??"]
[Round "?"]
[White "Svrsek, Radomir"]
[Black "Strnad, Jiri"]
[Result "1-0"]
[WhiteElo "2159"]
[BlackElo "2258"]
[PlyCount "81"]
[EventDate "2007.??.??"]
[EventType "corr"]
[SourceDate "2007.01.09"]

1. e4 e6 2. d4 d5 3. e5 c5 4. Nf3 cxd4 5. Qxd4 Nc6 6. Qe3 Nge7 7. Bd3 Ng6 8.
O-O b6 9. Qe2 Bb7 10. c3 Be7 11. Re1 O-O 12. a4 a6 13. Na3 Nb8 14. g3 Nd7 15.
h4 Nc5 16. h5 Nh8 17. Nc2 f5 18. Ncd4 Nf7 19. Bf4 Qc7 20. Bc2 Qc8 21. Kh2 Kh8
22. Rg1 Ne4 23. Qe3 Rg8 24. Kg2 Re8 25. Kh1 Rg8 26. g4 fxg4 27. Rxg4 Qe8 28.
Rg2 Bd8 29. Rh2 Rc8 30. Rg1 Rc7 31. Nh4 Bxh4 32. Rxh4 a5 33. Rh2 Nc5 34. Rg6
Re7 35. Rhg2 Ba6 36. Kg1 Qf8 37. b4 axb4 38. cxb4 Nd7 39. Qg3 Bc4 40. h6 hxg6
41. h7 1-0

[Event "1CHC_F"]
[Site "?"]
[Date "2007.??.??"]
[Round "?"]
[White "Dedina, Miroslav"]
[Black "Paulik, Vaclav"]
[Result "1/2-1/2"]
[WhiteElo "2165"]
[BlackElo "2160"]
[PlyCount "77"]
[EventDate "2007.??.??"]
[EventType "corr"]
[SourceDate "2007.01.09"]

1. e4 c5 2. Nf3 Nc6 3. d4 cxd4 4. Nxd4 Nf6 5. Nc3 e5 6. Ndb5 d6 7. Bg5 a6 8.
Na3 b5 9. Bxf6 gxf6 10. Nd5 f5 11. Bd3 Be6 12. O-O Bg7 13. Qh5 f4 14. c3 O-O
15. Nc2 f5 16. a4 Bxd5 17. exd5 Ne7 18. axb5 e4 19. Bc4 axb5 20. Bxb5 Rb8 21.
Bc6 Rxb2 22. Ra8 Nc8 23. Nd4 Bxd4 24. cxd4 Kg7 25. Qh3 Qg5 26. Bd7 Rc2 27. Be6
h5 28. Ra6 Rd2 29. Rc6 Ne7 30. Rxd6 Rd3 31. g3 Ng6 32. Rd7+ Kh6 33. Bf7 fxg3
34. fxg3 f4 35. Bxg6 Qxg6 36. Rc7 fxg3 37. Rc6 gxh2+ 38. Kh1 Rxh3 39. Rxf8
1/2-1/2

[Event "1CHC_F"]
[Site "?"]
[Date "2007.??.??"]
[Round "?"]
[White "Paulik, Vaclav"]
[Black "Bednarik, Radovan"]
[Result "1/2-1/2"]
[WhiteElo "2160"]
[BlackElo "2126"]
[PlyCount "93"]
[EventDate "2007.??.??"]
[EventType "corr"]
[SourceDate "2007.01.09"]

1. e4 c5 2. d4 cxd4 3. c3 dxc3 4. Nxc3 Nc6 5. Nf3 e6 6. Bc4 Nge7 7. Bg5 f6 8.
Be3 Ng6 9. O-O Be7 10. Qe2 Na5 11. Rfd1 Nxc4 12. Qxc4 a6 13. Nd4 b5 14. Qe2 Qa5
15. Nf5 b4 16. Nd5 exd5 17. Rxd5 Qc7 18. Nxg7+ Kf7 19. Rc1 Qd8 20. Nf5 d6 21.
Nxd6+ Bxd6 22. Rc6 Nf4 23. Bxf4 Bxf4 24. Rxd8 Rxd8 25. g3 Be5 26. f4 Bd4+ 27.
Kh1 Kg8 28. Rc7 Bb6 29. Qc4+ Kh8 30. Rxh7+ Kxh7 31. Qf7+ Kh8 32. Qxf6+ Kh7 33.
Qxb6 Bg4 34. f5 Rd1+ 35. Kg2 Rd2+ 36. Kg1 Rg8 37. Qxb4 Re2 38. Qe7+ Rg7 39.
Qh4+ Kg8 40. h3 Bf3 41. Qd8+ Kh7 42. Kf1 Rxb2 43. Qh4+ Kg8 44. e5 Rh2 45. e6
Rb7 46. Qg5+ Kf8 47. Qd8+ 1/2-1/2

[Event "1CHC_F"]
[Site "?"]
[Date "2007.??.??"]
[Round "?"]
[White "Strnad, Jiri"]
[Black "Pirhala, Ladislav"]
[Result "0-1"]
[WhiteElo "2258"]
[BlackElo "2120"]
[PlyCount "96"]
[EventDate "2007.??.??"]
[EventType "corr"]
[SourceDate "2007.01.09"]

1. e4 c5 2. Nf3 d6 3. d4 cxd4 4. Nxd4 Nf6 5. Nc3 a6 6. Be3 g6 7. f3 Nbd7 8. Qd2
Qc7 9. Be2 Bg7 10. g4 h6 11. h4 Ne5 12. O-O-O Nc4 13. Bxc4 Qxc4 14. Kb1 Be6 15.
Nxe6 fxe6 16. e5 dxe5 17. h5 g5 18. Bxg5 hxg5 19. Qxg5 Rg8 20. h6 Bh8 21. Qxe5
Rc8 22. Rd3 Rg6 23. h7 Kf7 24. Rd4 Qc6 25. Rf4 Qc5 26. Qe2 Qg5 27. Re1 Rc6 28.
Rb4 b5 29. Ne4 Nxe4 30. Rxe4 Rh6 31. c3 Qg6 32. Ka1 Ke8 33. g5 Rxh7 34. Qe3 e5
35. f4 Qf5 36. fxe5 Rh2 37. Rf4 Qh3 38. Rf3 Qg2 39. Rb1 Qe2 40. Qf4 Bxe5 41.
Qf8+ Kd7 42. Rff1 Qe3 43. Qa8 Rxc3 44. Qb7+ Rc7 45. Qd5+ Bd6 46. Rfe1 Qd2 47.
Qe6+ Kc6 48. g6 Rg2 0-1

[Event "1CHC_F"]
[Site "?"]
[Date "2007.??.??"]
[Round "?"]
[White "Bednarik, Radovan"]
[Black "Pirhala, Ladislav"]
[Result "0-1"]
[WhiteElo "2126"]
[BlackElo "2120"]
[PlyCount "108"]
[EventDate "2007.??.??"]
[EventType "corr"]
[SourceDate "2007.01.09"]

1. d4 Nf6 2. c4 e6 3. g3 d5 4. Bg2 Be7 5. Nf3 Nc6 6. Ne5 Nxe5 7. dxe5 Nd7 8.
cxd5 Nxe5 9. Nc3 O-O 10. O-O exd5 11. Nxd5 Bd6 12. Nc3 c6 13. Qc2 Qe7 14. Bf4
Re8 15. Rfd1 Be6 16. Ne4 Bf5 17. Rac1 Bc7 18. Qa4 b5 19. Qd4 Bb6 20. Qxe5 Qxe5
21. Bxe5 Rxe5 22. Nd6 Bg4 23. h3 Bxe2 24. Rd2 Rd8 25. Rxc6 Ba5 26. Rdc2 g6 27.
Bf1 Bf3 28. Rc8 Rxc8 29. Nxc8 Re1 30. Nxa7 b4 31. b3 Bb6 32. Nc8 Bd4 33. Nd6
Bc3 34. Nb5 Ra1 35. Nxc3 bxc3 36. a4 Bd1 37. Rxc3 Be2 38. g4 Rxf1+ 39. Kh2 Kg7
40. b4 Rxf2+ 41. Kg3 Rf1 42. Re3 Bc4 43. Rc3 Be6 44. Rc6 Rb1 45. Rb6 Rb3+ 46.
Kf4 Rxh3 47. g5 h6 48. gxh6+ Kxh6 49. a5 g5+ 50. Ke5 g4 51. Rb8 Rh5+ 52. Kf4
Rf5+ 53. Kg3 Rf3+ 54. Kg2 Bd5 0-1

[Event "1CHC_F"]
[Site "?"]
[Date "2007.??.??"]
[Round "?"]
[White "Portych, Vaclav"]
[Black "Paulik, Vaclav"]
[Result "1/2-1/2"]
[WhiteElo "2147"]
[BlackElo "2160"]
[PlyCount "69"]
[EventDate "2007.??.??"]
[EventType "corr"]
[SourceDate "2007.01.09"]

1. c4 e5 2. Nc3 Bb4 3. Nd5 Be7 4. d4 d6 5. e4 Nf6 6. Nxe7 Qxe7 7. f3 exd4 8.
Qxd4 Nc6 9. Qc3 Bd7 10. Be3 Ne5 11. Ne2 O-O 12. Nf4 Bc6 13. Be2 Nfd7 14. b4 b6
15. O-O f5 16. exf5 Rxf5 17. Nd5 Qf7 18. Qc2 Re8 19. Bd4 Bxd5 20. cxd5 Nf8 21.
Bxe5 Rfxe5 22. Bd3 Ng6 23. g3 Re3 24. f4 Kh8 25. Rad1 Nf8 26. Qc6 R8e7 27. Qa8
Qf6 28. Rf2 Kg8 29. Qc6 Qf7 30. Bf1 h5 31. Qc1 h4 32. g4 R3e4 33. Qd2 Ng6 34.
f5 Rxg4+ 35. Kh1 1/2-1/2

[Event "1CHC_F"]
[Site "?"]
[Date "2007.??.??"]
[Round "?"]
[White "Dedina, Miroslav"]
[Black "Portych, Vaclav"]
[Result "1-0"]
[WhiteElo "2165"]
[BlackElo "2147"]
[PlyCount "93"]
[EventDate "2007.??.??"]
[EventType "corr"]
[SourceDate "2007.01.09"]

1. e4 c5 2. Nf3 Nc6 3. d4 cxd4 4. Nxd4 Nf6 5. Nc3 e5 6. Ndb5 d6 7. Nd5 Nxd5 8.
exd5 Nb8 9. Bd3 a6 10. Nc3 Be7 11. O-O O-O 12. f4 f5 13. Be3 e4 14. Be2 Nd7 15.
a4 b6 16. Ra3 Bf6 17. Qd2 Bb7 18. Nd1 Rc8 19. Bf2 Qc7 20. c4 a5 21. Ne3 Bd8 22.
Nc2 Nc5 23. Nd4 Qd7 24. Rfa1 Bf6 25. Nb5 Rfe8 26. Bd4 Rf8 27. Rg3 Ba6 28. Bxf6
Rxf6 29. Nd4 Nxa4 30. b4 Bxc4 31. Nc6 Bxe2 32. Qxe2 b5 33. Qxb5 Nb2 34. Rb3 Nd3
35. bxa5 Rff8 36. a6 Qf7 37. Qc4 Ra8 38. a7 Qh5 39. Qc2 Nxf4 40. Kh1 Qf7 41.
Rb8 h6 42. Qf2 Nxd5 43. Rxf8+ Kxf8 44. Rb1 Re8 45. Qa2 Nc7 46. Qxf7+ Kxf7 47.
Rb8 1-0

[Event "1CHC_F"]
[Site "?"]
[Date "2007.??.??"]
[Round "?"]
[White "Kohler, Josef"]
[Black "Paulik, Vaclav"]
[Result "1/2-1/2"]
[WhiteElo "2176"]
[BlackElo "2160"]
[PlyCount "122"]
[EventDate "2007.??.??"]
[EventType "corr"]
[SourceDate "2007.01.09"]

1. c4 e5 2. g3 Bc5 3. Nc3 Nf6 4. Bg2 Nc6 5. Nf3 d6 6. d3 h6 7. O-O O-O 8. a3 a5
9. e3 Bb6 10. Rb1 Bf5 11. e4 Bd7 12. h3 Re8 13. Qc2 Nd4 14. Nxd4 Bxd4 15. b4
axb4 16. axb4 Qe7 17. Kh2 c6 18. Ne2 Ba7 19. f4 b5 20. Bb2 bxc4 21. dxc4 Bb6
22. Qd3 Red8 23. Ra1 Rxa1 24. Rxa1 h5 25. Ra6 Bf2 26. Bc3 h4 27. Qf3 Bc8 28.
Ra5 hxg3+ 29. Nxg3 Bd4 30. Bxd4 exd4 31. Qd1 c5 32. bxc5 dxc5 33. e5 Nh7 34.
Ne4 Nf8 35. Qd2 Ng6 36. Nd6 Be6 37. Nb7 Bxh3 38. Nxd8 Bxg2 39. Kxg2 Qh4 40.
Nxf7 Qg4+ 41. Kh2 Nxf4 42. Qf2 Qh3+ 43. Kg1 Qg4+ 44. Kh2 Kxf7 45. Rxc5 g5 46.
Rb5 Qh3+ 47. Kg1 Qc3 48. Rb6 Kg8 49. Rh6 Kg7 50. Rh2 Qc1+ 51. Qf1 Qe3+ 52. Qf2
Qxe5 53. Kf1 Qe4 54. Qe1 Qf3+ 55. Kg1 Kf6 56. Qe8 Qd1+ 57. Kf2 Qc2+ 58. Kg3
Qd3+ 59. Kf2 Qc2+ 60. Kg3 Qd3+ 61. Kf2 Qc2+ 1/2-1/2

[Event "1CHC_F"]
[Site "?"]
[Date "2007.??.??"]
[Round "?"]
[White "Pirhala, Ladislav"]
[Black "Portych, Vaclav"]
[Result "1-0"]
[WhiteElo "2120"]
[BlackElo "2147"]
[PlyCount "103"]
[EventDate "2007.??.??"]
[EventType "corr"]
[SourceDate "2007.01.09"]

1. e4 c5 2. Nf3 Nc6 3. d4 cxd4 4. Nxd4 Nf6 5. Nc3 e5 6. Ndb5 d6 7. Bg5 a6 8.
Na3 b5 9. Nd5 Be7 10. Bxf6 Bxf6 11. c3 Bg5 12. Nc2 O-O 13. h4 Bh6 14. g4 Bf4
15. Qf3 Be6 16. Nxf4 exf4 17. Qxf4 Ne5 18. Ne3 b4 19. cxb4 Qb8 20. a3 d5 21.
Qg3 dxe4 22. Be2 a5 23. O-O axb4 24. axb4 f6 25. b5 Qd8 26. g5 Rxa1 27. Rxa1
Kh8 28. Ra7 Rg8 29. Nf1 Qb8 30. Ra4 f5 31. b6 Bd7 32. Ra5 Nf3+ 33. Bxf3 f4 34.
Qg2 Qxb6 35. Rd5 exf3 36. Qxf3 Qe6 37. Rd4 Bc6 38. Qxf4 Qh3 39. Qh2 Qf3 40. Rf4
Qd1 41. Rb4 Re8 42. Qh3 Qd5 43. Ne3 Qd2 44. Rc4 Bb7 45. Rc7 Qe1+ 46. Qf1 Qb4
47. Qc4 Qxb2 48. Qf7 Rb8 49. h5 Qa1+ 50. Nf1 Ba6 51. h6 Rg8 52. Qf5 1-0

[Event "1CHC_F"]
[Site "?"]
[Date "2007.??.??"]
[Round "?"]
[White "Juhasz, Jozef"]
[Black "Portych, Vaclav"]
[Result "1-0"]
[WhiteElo "2216"]
[BlackElo "2147"]
[PlyCount "111"]
[EventDate "2007.??.??"]
[EventType "corr"]
[SourceDate "2007.01.09"]

1. e4 c5 2. Nf3 Nc6 3. d4 cxd4 4. Nxd4 Nf6 5. Nc3 e5 6. Ndb5 d6 7. Nd5 Nxd5 8.
exd5 Nb8 9. Bd3 Be7 10. Qh5 Nd7 11. c4 Nf6 12. Qe2 O-O 13. O-O Bd7 14. Nc3 Rc8
15. a4 Re8 16. a5 Bf8 17. Be3 e4 18. Bc2 Bg4 19. Qd2 Rxc4 20. Bxa7 Rb4 21. Bb6
Qe7 22. Bd4 Rxb2 23. f3 Bf5 24. Bxf6 Qxf6 25. fxe4 Rc8 26. Ra3 Qh6 27. Qxh6
gxh6 28. exf5 Rxc2 29. Ne4 Re2 30. Rc3 Rxc3 31. Nxc3 Re3 32. Rc1 Bg7 33. Nb5
Be5 34. f6 Bxf6 35. Nxd6 Rd3 36. a6 Bd4+ 37. Kf1 bxa6 38. Nf5 f6 39. Ke2 Rc3
40. Rxc3 Bxc3 41. d6 Kf7 42. d7 Ba5 43. Nd4 Ke7 44. Nc6+ Kxd7 45. Nxa5 Kd6 46.
Nc4+ Kc5 47. Kd3 Kb4 48. Nd6 a5 49. Kc2 a4 50. Kb2 h5 51. g3 a3+ 52. Ka2 Kc3
53. Ne4+ Kd4 54. Nxf6 h6 55. Nxh5 Ke5 56. g4 1-0

[Event "1CHC_F"]
[Site "?"]
[Date "2007.??.??"]
[Round "?"]
[White "Paulik, Vaclav"]
[Black "Kuchta, Jiri"]
[Result "1/2-1/2"]
[WhiteElo "2160"]
[BlackElo "2244"]
[PlyCount "147"]
[EventDate "2007.??.??"]
[EventType "corr"]
[SourceDate "2007.01.09"]

1. e4 e6 2. d4 d5 3. Nd2 c5 4. exd5 Qxd5 5. Ngf3 cxd4 6. Bc4 Qd6 7. O-O Nf6 8.
Nb3 Nc6 9. Nbxd4 Nxd4 10. Nxd4 a6 11. Bb3 Qc7 12. Qf3 Bd6 13. h3 O-O 14. Bg5
Be5 15. Rad1 h6 16. Bh4 Bd7 17. c3 Rfd8 18. Qe2 Bxd4 19. Rxd4 Bb5 20. Rxd8+
Rxd8 21. c4 Bc6 22. Qe3 Qe7 23. Bc2 Rd7 24. Rc1 Qd8 25. f3 Qe7 26. a4 Ng4 27.
hxg4 Qxh4 28. b4 Rc7 29. Rd1 Rc8 30. b5 axb5 31. Qd3 g6 32. axb5 Be8 33. Qe4
Qe7 34. Bd3 Qc5+ 35. Kh2 b6 36. Be2 Qf2 37. Kh3 Kh7 38. f4 Kg8 39. g3 Kf8 40.
Rf1 Qc5 41. Kg2 Rd8 42. Qe5 Qxe5 43. fxe5 Ra8 44. Kf3 Ra3+ 45. Kf2 Ra8 46. Rd1
Ke7 47. Rh1 f6 48. Rxh6 fxe5 49. Rh7+ Bf7 50. Bd3 Kf8 51. g5 e4 52. Bxe4 Ra2+
53. Ke3 Ra3+ 54. Bd3 e5 55. Ke4 Rc3 56. g4 Kg8 57. Rh2 Bxc4 58. Bxc4+ Rxc4+ 59.
Kxe5 Rc5+ 60. Kf6 Rxb5 61. Rd2 Rc5 62. Rd8+ Kh7 63. Rd7+ Kg8 64. Kxg6 Rc6+ 65.
Kh5 Re6 66. Rb7 Rd6 67. g6 Rd1 68. Rxb6 Kg7 69. Rb7+ Kg8 70. Kg5 Rg1 71. Rf7
Rg2 72. Ra7 Rg1 73. Ra3 Kg7 74. Ra8 1/2-1/2

[Event "1CHC_F"]
[Site "?"]
[Date "2007.??.??"]
[Round "?"]
[White "Tyrlik, Jaroslav"]
[Black "Dedina, Miroslav"]
[Result "1-0"]
[WhiteElo "2101"]
[BlackElo "2165"]
[PlyCount "153"]
[EventDate "2007.??.??"]
[EventType "corr"]
[SourceDate "2007.01.09"]

1. d4 d5 2. c4 e6 3. Nf3 Nf6 4. Nc3 c6 5. e3 Nbd7 6. Be2 Bd6 7. O-O O-O 8. Qc2
e5 9. cxd5 cxd5 10. dxe5 Nxe5 11. Qb3 Rb8 12. Rd1 Be6 13. Nd4 Nc6 14. Ncb5 Be7
15. Qd3 Ne4 16. f3 Nc5 17. Qc2 Qb6 18. a4 a5 19. Bd2 Rfe8 20. Kh1 Bd7 21. Bc3
Bf8 22. Qd2 Nb4 23. Bxb4 axb4 24. Re1 Re5 25. a5 Qd8 26. Reb1 Rh5 27. g3 Ra8
28. Kg2 Ra6 29. Rd1 Rg6 30. Rh1 Qh4 31. Qe1 Qh3+ 32. Kf2 Qxh2+ 33. Rxh2 Rxh2+
34. Kf1 Rgh6 35. g4 Rh1+ 36. Kf2 R6h2+ 37. Kg3 Rh3+ 38. Kg2 R1h2+ 39. Kg1 h5
40. gxh5 Rxh5 41. Rd1 Rh1+ 42. Kg2 R5h2+ 43. Kg3 Rh3+ 44. Kg2 R1h2+ 45. Kg1 g6
46. Qg3 Rh1+ 47. Kg2 Rxd1 48. Bxd1 Rxg3+ 49. Kxg3 Be7 50. f4 Bd8 51. Bf3 Be6
52. Nd6 Bxa5 53. e4 dxe4 54. Nxe4 Nxe4+ 55. Bxe4 Bc8 56. Nc2 Kg7 57. Bd5 Bc7
58. Kf3 Bd6 59. Ne3 f6 60. Nc4 Bc5 61. Nd2 g5 62. Ne4 g4+ 63. Kg3 b6 64. Bc4 f5
65. Nf2 Kf6 66. Nd3 Bd7 67. Ne5 Be6 68. Bb5 b3 69. Nd7+ Ke7 70. Ne5 Kd6 71. Bd3
Bd4 72. Ng6 Bxb2 73. Nh4 b5 74. Nxf5+ Kc5 75. Bb1 Bc4 76. Kxg4 Bd3 77. Bxd3 1-0

[Event "1CHC_F"]
[Site "?"]
[Date "2007.??.??"]
[Round "?"]
[White "Tyrlik, Jaroslav"]
[Black "Bednarik, Radovan"]
[Result "1/2-1/2"]
[WhiteElo "2101"]
[BlackElo "2126"]
[PlyCount "117"]
[EventDate "2007.??.??"]
[EventType "corr"]
[SourceDate "2007.01.09"]

1. d4 d5 2. Nf3 Nf6 3. e3 e6 4. c4 Bd6 5. Nbd2 O-O 6. Qc2 b6 7. Bd3 Bb7 8. O-O
Na6 9. a3 c5 10. cxd5 exd5 11. b3 Qe7 12. Bf5 g6 13. Bd3 Ne4 14. Bb2 Rac8 15.
Qd1 cxd4 16. Nxd4 Nac5 17. Be2 Nxd2 18. Qxd2 Be5 19. Rfc1 f5 20. g3 g5 21. Qd1
f4 22. Bg4 fxe3 23. fxe3 Rcd8 24. b4 Bg7 25. Qd2 Qe4 26. bxc5 Qxg4 27. c6 Ba6
28. Nb5 Bxb2 29. Qxb2 Qe4 30. Re1 Bxb5 31. Qxb5 Rc8 32. Rac1 Rc7 33. Qb3 Rf5
34. Red1 h5 35. a4 h4 36. Qd3 Qxd3 37. Rxd3 hxg3 38. hxg3 Kf7 39. a5 Ke6 40.
axb6 axb6 41. Rb3 Kd6 42. Rxb6 Rf3 43. e4 dxe4 44. Kg2 Rd3 45. Kh3 e3 46. Rb8
Rxc6 47. Rd8+ Ke5 48. Rxd3 Rxc1 49. Rxe3+ Kf5 50. Rf3+ Kg6 51. Rd3 Ra1 52. Rd6+
Kf5 53. Rd5+ Kg6 54. Rd8 Rb1 55. Rg8+ Kf5 56. Rf8+ Kg6 57. Rg8+ Kf5 58. Rf8+
Kg6 59. Rg8+ 1/2-1/2

[Event "1CHC_F"]
[Site "?"]
[Date "2007.??.??"]
[Round "?"]
[White "Portych, Vaclav"]
[Black "Bednarik, Radovan"]
[Result "1/2-1/2"]
[WhiteElo "2147"]
[BlackElo "2126"]
[PlyCount "103"]
[EventDate "2007.??.??"]
[EventType "corr"]
[SourceDate "2007.01.09"]

1. c4 e5 2. Nc3 Bb4 3. Nd5 Bc5 4. e3 Nf6 5. b4 Be7 6. Bb2 d6 7. Nxe7 Qxe7 8. a3
O-O 9. d3 a5 10. Nf3 axb4 11. axb4 Rxa1 12. Qxa1 Na6 13. Bc3 c5 14. b5 Nb4 15.
Qb2 Bg4 16. Bxb4 cxb4 17. Be2 Ra8 18. Qxb4 e4 19. dxe4 Ra1+ 20. Bd1 Nxe4 21.
O-O Qf6 22. h3 Be6 23. Be2 h6 24. Kh2 Ra2 25. Nd4 Qe5+ 26. f4 Qc5 27. Rb1 b6
28. Bd3 Nd2 29. Qxc5 dxc5 30. Nxe6 Nxb1 31. Bxb1 Rb2 32. Bf5 g6 33. Bg4 fxe6
34. Bxe6+ Kg7 35. Kg3 Kf6 36. Bd5 g5 37. fxg5+ Kxg5 38. Kf3 Rc2 39. g3 Rc3 40.
Ke4 h5 41. Ke5 Rxe3+ 42. Kd6 Kf6 43. g4 hxg4 44. hxg4 Rg3 45. Kc6 Ke5 46. Kxb6
Kd6 47. Ka7 Rxg4 48. b6 Rg3 49. Bb7 Rg7 50. Kb8 Rg8+ 51. Bc8 Kc6 52. b7 1/2-1/2

[Event "1CHC_F"]
[Site "?"]
[Date "2007.??.??"]
[Round "?"]
[White "Portych, Vaclav"]
[Black "Tyrlik, Jaroslav"]
[Result "1/2-1/2"]
[WhiteElo "2147"]
[BlackElo "2101"]
[PlyCount "107"]
[EventDate "2007.??.??"]
[EventType "corr"]
[SourceDate "2007.01.09"]

1. c4 e5 2. Nc3 Nc6 3. g3 Nf6 4. Nf3 d5 5. cxd5 Nxd5 6. Bg2 Be6 7. O-O f5 8.
Qb3 e4 9. Ng5 Bg8 10. d3 Bb4 11. Qc2 Nd4 12. Qa4+ Qd7 13. Qxd7+ Kxd7 14. Nxd5
Nxe2+ 15. Kh1 Bxd5 16. dxe4 fxe4 17. Be3 Rad8 18. Nxe4 Kc8 19. a3 Ba5 20. Bxa7
Rhe8 21. f3 b6 22. b4 Kb7 23. bxa5 Kxa7 24. axb6+ cxb6 25. Rad1 b5 26. Rd2 Bxe4
27. Rxd8 Rxd8 28. fxe4 Kb6 29. Re1 Nd4 30. Rd1 Kc5 31. Rc1+ Kb6 32. Bf1 g5 33.
Kg2 g4 34. Rc3 Rf8 35. Rd3 Nc2 36. Kg1 Re8 37. Rb3 Nd4 38. Re3 Kc5 39. Kf2 Kd6
40. e5+ Kc5 41. Bd3 Kd5 42. e6 Rf8+ 43. Kg2 Nxe6 44. Bxb5 Nd4 45. Bd7 h5 46.
Be8 Nc2 47. Re2 Kd4 48. Bxh5 Ne3+ 49. Rxe3 Kxe3 50. Bxg4 Ra8 51. h4 Rxa3 52.
Bf5 Kd4 53. h5 Ke5 54. Bb1 1/2-1/2